| 000 | 01872cam a2200529 a 4500 | ||
|---|---|---|---|
| 001 | 4304 | ||
| 003 | FISKH | ||
| 005 | 20250723094740.0 | ||
| 008 | 090424s2009 nyua b 000 1 eng | ||
| 010 | _a 2009014578 | ||
| 015 |
_aGBA9C3774 _2bnb |
||
| 016 | 7 |
_a015443600 _2Uk |
|
| 020 | _a9780061429958 (trade bdg.) | ||
| 020 | _a9780545251877 | ||
| 020 | _a0061429953 (trade bdg.) | ||
| 020 | _a9780061429941 (lib. bdg.) | ||
| 020 | _a0061429945 (lib. bdg.) | ||
| 035 | _a(OCoLC)ocn310399288 | ||
| 040 |
_aDLC _cDLC _beng |
||
| 050 | _aPZ7.P3856 | ||
| 082 | _a813.6 | ||
| 100 | 1 |
_aPennypacker, Sara, _d1951- |
|
| 245 | 1 | 4 |
_aThe Japanese ninja surprise / _ccreated by Jeff Brown ; written by Sara Pennypacker ; pictures by Macky Pamintuan. |
| 250 | _aFirst Scholastic printing, March 2010 | ||
| 260 |
_aNew York : _bScholastic, _c2009. |
||
| 300 |
_a96, 5 pages : _billustrations ; _c20 cm |
||
| 490 | 1 |
_aFlat Stanley's worldwide adventures ; _vBook 3 |
|
| 500 | _aIncludes an excerpt from: The intrepid Canadian expedition. | ||
| 520 | _aFlat Stanley mails himself to Japan to visit his hero, martial arts movie star Oda Nobu, and becomes his personal ninja. | ||
| 521 | 8 |
_a670
_bLexile |
|
| 521 | 8 |
_aQ
_bRaz-Plus |
|
| 650 | 0 |
_aNinja _vJuvenile fiction. |
|
| 650 | 0 |
_aMartial arts _vJuvenile fiction. |
|
| 650 | 0 |
_aActors _vJuvenile fiction. |
|
| 650 | 1 |
_aNinja _vFiction. |
|
| 650 | 1 |
_aMartial arts _vFiction. |
|
| 650 | 1 |
_aActors and actresses _vFiction. |
|
| 650 | 1 |
_aVoyages and travels _vFiction. |
|
| 650 | 1 |
_aFlat Stanley (Fictitious character) _vFiction. |
|
| 651 | 0 |
_aJapan _vJuvenile fiction. |
|
| 651 | 1 |
_aJapan _vFiction. |
|
| 700 | 1 |
_aBrown, Jeff, _d1926-2003. _eCreator |
|
| 700 | 1 |
_aPamintuan, Macky, _eillustrator |
|
| 906 |
_a7 _bcbc _corignew _d1 _eecip _f20 _gy-gencatlg |
||
| 942 |
_2ddc _cBK _n0 |
||
| 999 |
_c4304 _d4304 |
||